Object-oriented system analysis and design / (Record no. 17936)
[ view plain ]
| 000 -LEADER | |
|---|---|
| fixed length control field | 00903nam a22002778a 4500 |
| 001 - CONTROL NUMBER | |
| control field | 014707586 |
| 003 - CONTROL NUMBER IDENTIFIER | |
| control field | OSt |
| 005 - DATE AND TIME OF LATEST TRANSACTION | |
| control field | 20201128021011.0 |
| 008 - FIXED-LENGTH DATA ELEMENTS--GENERAL INFORMATION | |
| fixed length control field | 080822t2009 xxua frb 001 0 eng d |
| 020 ## - INTERNATIONAL STANDARD BOOK NUMBER | |
| International Standard Book Number | 9780131824089 |
| 020 ## - INTERNATIONAL STANDARD BOOK NUMBER | |
| International Standard Book Number | 0131824082 |
| 082 04 - DEWEY DECIMAL CLASSIFICATION NUMBER | |
| Classification number | 005.117 |
| Edition number | 22 |
| Item number | ASH |
| 100 1# - MAIN ENTRY--PERSONAL NAME | |
| Personal name | Ashrafi, Noushin |
| 9 (RLIN) | 34881 |
| 245 10 - TITLE STATEMENT | |
| Title | Object-oriented system analysis and design / |
| Statement of responsibility, etc | Noushin Ashrafi, Hessam Ashrafi. |
| 260 ## - PUBLICATION, DISTRIBUTION, ETC. (IMPRINT) | |
| Place of publication, distribution, etc | Upper Saddle River, United States : |
| Name of publisher, distributor, etc | Prentice Hall ; |
| Date of publication, distribution, etc | c. 2009. |
| 300 ## - PHYSICAL DESCRIPTION | |
| Extent | xix, 624 p. : |
| Other physical details | ill. ; |
| Dimensions | 26 cm. |
| 500 ## - GENERAL NOTE | |
| General note | Index : p. 611-624. |
| 504 ## - BIBLIOGRAPHY, ETC. NOTE | |
| Bibliography, etc | Bibliography : p. 606-610. |
| 650 #0 - SUBJECT ADDED ENTRY--TOPICAL TERM | |
| Topical term or geographic name as entry element | Object-oriented programming (Computer science) |
| 9 (RLIN) | 2658 |
| 650 #0 - SUBJECT ADDED ENTRY--TOPICAL TERM | |
| Topical term or geographic name as entry element | Computer software |
| General subdivision | Development. |
| 9 (RLIN) | 11535 |
| 650 #0 - SUBJECT ADDED ENTRY--TOPICAL TERM | |
| Topical term or geographic name as entry element | System design. |
| 9 (RLIN) | 18054 |
| 653 ## - INDEX TERM--UNCONTROLLED | |
| Resource For college | |
| Arrived date list | January2014 |
| 655 ## - INDEX TERM--GENRE/FORM | |
| Form subdivision | |
| -- | 33728 |
| 700 1# - ADDED ENTRY--PERSONAL NAME | |
| Personal name | Ashrafi, Hessam |
| 9 (RLIN) | 34882 |
| 942 ## - ADDED ENTRY ELEMENTS (KOHA) | |
| Source of classification or shelving scheme | Dewey Decimal Classification |
| Call number prefix | 005.117 ASH |
| Withdrawn status | Item status | Source of classification or shelving scheme | Damaged status | Not for loan | Vendor | Home library | Current library | Shelving location | Date acquired | Source of acquisition | Total Checkouts | Full call number | Barcode | Date last seen | Koha item type | Date last borrowed |
|---|---|---|---|---|---|---|---|---|---|---|---|---|---|---|---|---|
| Dewey Decimal Classification | Baccah | Central Library | Central Library | Lower Floor | 21/01/2014 | 005.117 ASH | 000035363 | 15/07/2025 | NB - Book (Non borrowing) | |||||||
| Dewey Decimal Classification | Baccah | Central Library | Central Library | Lower Floor | 21/01/2014 | 1 | 005.117 ASH | 000035364 | 15/07/2025 | Book - Borrowing | 19/10/2017 |